| 000 | 01075nam a22002537a 4500 | ||
|---|---|---|---|
| 003 | OSt | ||
| 005 | 20251008165737.0 | ||
| 008 | 240130b ||||| |||| 00| 0 eng d | ||
| 040 | _c0 | ||
| 082 | _aDPer 621.317 Ie21 January 2022 v. 37 n. 1 | ||
| 100 |
_aWang, Ping. _eauthor. _950950 |
||
| 245 |
_aStochastic power loss analysis of differential power processing / _cPing Wang, Robert C. N. Pilawa-Podgurski, Philip T. Krein, and Minjie Chen. |
||
| 260 |
_aNew York ; _bThe Institute of Electrical and Electronics Engineers, Inc. , _cJanuary 2022. |
||
| 300 |
_aVolume 37, pages 81-99 : _billustration ; _c28 cm. |
||
| 500 | _aIEEE Transactions on Power Electronic, v. 37 n. 1, pages 81-99, January 2022. | ||
| 650 | 0 |
_aIntegrated circuit modeling. _965718 |
|
| 650 | 0 |
_aBattery management systems. _965719 |
|
| 650 | 0 |
_aStochastic models. _965720 |
|
| 700 |
_aWang, Ping. _eauthor. _950950 |
||
| 700 |
_aPilawa-Podgurski, Robert C. N. _eauthor. _950951 |
||
| 700 |
_aKrein, Philip T. _eauthor. _950952 |
||
| 700 |
_aChen, Minjie. _eauthor. _950953 |
||
| 942 |
_2ddc _cPER |
||
| 999 |
_c18811 _d18811 |
||